00327nam a2200121Ia 4500008004100000041000800041082001700049100001400066245004200080260004400122300003000166365000900196240624s9999 xx 000 0 und d aeng a332.0415 GOP aPATEL RAJ aCAN ANYONE HEAR US VOICES OF THE POOR c2000aNew YorkbOxford University press axi, : 343 : p. : cm. ; 23 cb40